000 00964nam a2200253Ia 4500
003 OSt
005 20221005112447.0
006 a|||||r|||| 00| 0
007 ta
008 221004b |||||||| |||| 00| 0 pan d
020 _a9789352043927 (hbk)
_cINR 295.00
024 _a33118
037 _b785, 27/02/2017, H.K. Prakashan
_cTextual
040 _aCRL
_cCRL
_bpan
041 _2pan
_apan
082 _aQ8441:21k, 153Q6
100 _aਸਰਨਾ, ਜਸਬੀਰ ਸਿੰਘ, ਥਦ.
245 0 _aਸ੍ਰੀ ਗੁਰੂ ਗ੍ਰੰਥ ਸਾਹਿਬ ਵਿਗਿਆਨਕ-ਵਿFਾ ਕੋF
260 _aਚੰਡੀਗੜ
_bਲੋਕਗੀਤ ਪ੍ਰਕਾFਨ ਭਾਰਤ
_c2016
300 _a200ਪ੍ਰ0
_ccm.
650 _a ਸਿੱਖ ਧਰਮ
_9156314
942 _hQ8441:21k, 153Q6
_cTEXL
_2cc
999 _c1024963
_d1024963